El individualismo propietario

Saved in:
Bibliografiske detaljer
Hovedforfatter: Barcellona, Pietro (Author)
Format: Bog
Sprog:spansk
Udgivet: Madrid Trotta 1996
Serier:Colección Estructuras y Procesos. Serie: Derecho
Fag:
Tags: Tilføj Tag
Ingen Tags, Vær først til at tagge denne postø!

MARC

LEADER 00000nam a2200000 a 4500
001 UCQ3564
003 CL-VaPUC
008 980821e19960000SP |||||||||||||||||spa|d
082 0 4 |a 346.047  |b BAR  |2 21 
100 0 |a Barcellona, Pietro  |e author  |9 417795 
245 1 3 |a El individualismo propietario 
300 |a 166 p 
942 |c BK 
945 |d 19980821 00:00:00  |a mvenant 
260 |a Madrid  |b Trotta  |c 1996 
650 0 |a Propiedad   |9 255268 
650 0 |a Individualismo  |9 313336 
650 0 |a Sociedad  |9 307903 
583 |a last modification  |c 19980821 00:00:00  |k Rodrigo Vera 
490 0 |a Colección Estructuras y Procesos. Serie: Derecho 
999 |c 274090  |d 274088 
952 |0 0  |1 0  |4 0  |6 346_047000000000000_BAR_1996  |7 0  |8 A  |9 310149  |a BIBDER  |b BIBDER  |d 2019-11-20  |i 3453030  |o 346.047 BAR 1996  |p 3453030  |r 2023-01-25  |w 2019-11-20  |y BK  |k DER